| 000 | 01486namaa22003251i 4500 | ||
|---|---|---|---|
| 005 | 20260423112319.0 | ||
| 008 | 260423s1995 ua a|||frm||| 000 0 eng d | ||
| 040 |
_aEG-GICUC _beng _cEG-GICUC _dEG-GICUC _erda |
||
| 041 | 0 |
_aeng _beng _bara |
|
| 049 | _aDeposit | ||
| 097 | _aM.Sc | ||
| 099 | _aCai01.11.15.M.Sc.1995.Em.U | ||
| 100 | 0 |
_aEman Farouk Mosilhy, _epreparation. |
|
| 245 | 1 | 0 |
_aUrodynamic eualuation of lowerurinary tract function in ralation to total abdominal hysterectomy / _cBy Eman Farouk Mosilhy ; Supervisors Prof. Dr. Ahmed L. El-Daly, Prof. Dr. Kotb A. Ambaby, Dr. Hesham A. Badawi |
| 246 | 1 | 5 | _aتقييم الديناميكية البولية للجهاز البولي السلفي وعلاقتها بالاستئصال الكلي للرحم عن طريق البطن |
| 264 | 0 | _c1995. | |
| 300 |
_a127 Leaves _billustrations _c30 cm. + |
||
| 336 |
_2rda content _atext |
||
| 337 |
_2rdamedia _aUnmediated |
||
| 338 |
_2rdacarrier _avolume |
||
| 502 | _aThesis (M.Sc.)-Cairo University, 1995 | ||
| 504 | _aBibliography: pages 112-127 | ||
| 653 | 0 |
_alowerurinary tract function _aralation to total abdominal hysterectomy |
|
| 700 | 0 |
_aAhmed L. El-Daly _ethesis advisor. |
|
| 700 | 0 |
_aKotb A. Ambaby _ethesis advisor. |
|
| 700 | 0 |
_aHesham A. Badawi _ethesis advisor. |
|
| 900 |
_DDepartment of Gynecology _FFaculty of Medicine _UCairo University _b1995 _cAhmed L. El-Daly _cKotb A. Ambaby _cHesham A. Badawi |
||
| 905 | _aNehad | ||
| 942 |
_2ddc _cTH _e21 _n0 |
||
| 999 | _c179695 | ||